Educational choice and labor markets in Japan
Saved in:
| Main Author: | |
|---|---|
| Format: | Book |
| Language: | Undetermined |
| Published: |
Chiacago
The University of Chicago Press
1981
|
| Subjects: | |
| Tags: |
Add Tag
No Tags, Be the first to tag this record!
|
| Institutions: | Trung tâm Học liệu Trường Đại học Cần Thơ |
|---|
| LEADER | 00553nam a2200205Ia 4500 | ||
|---|---|---|---|
| 001 | CTU_85968 | ||
| 008 | 210402s9999 xx 000 0 und d | ||
| 082 | |a 331.7 | ||
| 082 | |b B787 | ||
| 100 | |a Bowman, Mary Jean | ||
| 245 | 0 | |a Educational choice and labor markets in Japan | |
| 245 | 0 | |c Mary Jean Bowman | |
| 260 | |a Chiacago | ||
| 260 | |b The University of Chicago Press | ||
| 260 | |c 1981 | ||
| 650 | |a Education | ||
| 650 | |x Economic aspects | ||
| 650 | |z Japan | ||
| 904 | |i Năm | ||
| 980 | |a Trung tâm Học liệu Trường Đại học Cần Thơ | ||